|
|
|
|
| LEADER |
01051nas a2200277 a 4500 |
| 001 |
c000281506 |
| 003 |
CARM |
| 005 |
20210913190639.0 |
| 008 |
001122c19929999enkar p f 0 0eng d |
| 019 |
1 |
|
|a 22070991
|5 LACONCORD2021
|
| 035 |
|
|
|a (OCoLC)223023237
|5 LACONCORD2021
|
| 040 |
|
|
|a XNTU
|b eng
|c XNTU
|d VU
|
| 043 |
|
|
|a e-uk-en
|
| 082 |
0 |
4 |
|a 378.429
|2 21
|
| 110 |
2 |
|
|a University of Wales, Bangor.
|
| 245 |
1 |
0 |
|a Prospectus ... /
|c University of Wales, Bangor.
|
| 260 |
|
|
|a Gwynedd, Wales :
|b The University,
|c 1992-
|
| 300 |
|
|
|a v. :
|b col. ill. ;
|c 17 x 23 cm.
|
| 500 |
|
|
|a Cover title.
|
| 500 |
|
|
|a Description based on: 2001.
|
| 610 |
2 |
0 |
|a University of Wales, Bangor
|v Curricula
|v Periodicals.
|
| 650 |
|
0 |
|a Universities and colleges
|z Wales
|v Curricula
|v Periodicals.
|
| 866 |
|
0 |
|a 1992/93
|
| 852 |
8 |
|
|b CARM
|h A2:AO27E0
|i D05791
|p 0213158
|j 1992/93
|f SE
|
| 999 |
f |
f |
|i ec9f4f8f-cd9e-528e-a46c-62efd48f63b0
|s 391da973-c6a5-5b03-ad05-7822f2dcf9fe
|
| 952 |
f |
f |
|p Can circulate
|a CAVAL
|b CAVAL
|c CAVAL
|d CARM 1 Store
|e D05791
|f A2:AO27E0
|h Other scheme
|i book
|k 1992/93
|m 0213158
|